Ensayos breves sobre la religión / (Registro nro. 37920)
[ vista simple ]
| 000 -CABECERA | |
|---|---|
| Longitud fija campo de control | 00503nam a2200169 4500 |
| 003 - • IDENTIFICADOR DELl NÚMERO DE CONTROL | |
| Identificador del número de control | CO-ViMGA |
| 020 ## - • NÚMERO INTERNACIONAL NORMALIZADO PARA LIBROS | |
| Número Internacional Normalizado para Libros (ISBN) | 9789587711233 |
| 040 ## - FUENTE DE LA CATALOGACIÓN | |
| Centro catalogador de origen | CO-ViMGA |
| Lengua de catalogación | spa |
| Centro transcriptor | CO-ViMGA |
| 082 04 - • NÚMERO DE LA CLASIFICACIÓN DECIMAL DEWEY | |
| Número de clasificación (R) | 291 |
| Número del ítem | G17e |
| 100 1# - • PUNTO DE ACCESO PRINCIPAL-NOMBRE DE PERSONA | |
| Nombre de persona | García Giraldo, Camilo |
| 245 10 - • TITULO PROPIAMENTE DICHO | |
| Título | Ensayos breves sobre la religión / |
| Mención de responsabilidad, etc. | Camilo García Giraldo. |
| 300 ## - • DESCRIPCIÓN FÍSICA | |
| Extensión | 146 p. |
| 490 ## - • MENCIÓN DE SERIE | |
| Mención de serie | (Ciencias humanas. Filosofía) |
| 650 14 - • PUNTO DE ACCESO ADICIONAL DE MATERIA - TÉRMINO DE MATERIA | |
| Término de materia o nombre geográfico como elemento inicial | Religión |
| Subdivisión de materia general | Ensayos, Conferencias, etc |
| 942 ## - ENTRADA DE ELEMENTOS AGREGADOS (KOHA) | |
| Fuente de clasificaión o esquema | Dewey Decimal Classification |
| Koha [por defecto] tipo de item | LIbro |
| Perdido | Fuente de clasificación o esquema | Estado Físico | No para préstamo | Forma de adquisición | Localización permanente | Localización actual | Fecha adquisición | Préstamos totales | Signatura completa | Código de barras | Fecha última consulta | Fecha del precio de reemplazo | Tipo de item de Koha |
|---|---|---|---|---|---|---|---|---|---|---|---|---|---|
| Dewey Decimal Classification | Sala General Segundo Piso | Biblioteca Pública Germán Arciniegas - Villavicencio | Biblioteca Pública Germán Arciniegas - Villavicencio | 05/16/2017 | 291 G17e | 032062 | 04/16/2019 | 05/16/2017 | LIbro |